| 000 | 01026nam a22002417a 4500 | ||
|---|---|---|---|
| 003 | 0 | ||
| 005 | 20251119155605.0 | ||
| 008 | 251119b xxu||||| |||| 00| 0 eng d | ||
| 020 | _a1-4169-5462-7 | ||
| 050 |
_aPZ 7 _b.H3134 Geo 2007 |
||
| 100 |
_aHawking, Lucy, _eauthor. |
||
| 245 |
_aGeorge's secret key to the universe / _cLucy & Stephen Hawking ; with Christophe Galfard ; illustrated by Garry Parsons. |
||
| 260 |
_aNew York : _bSimon & Schuster Books for Young Readers, _c2007. |
||
| 300 |
_a297 pages : _bcolored illustrations ; _c23 cm. |
||
| 520 | _aA young boy named George discovers a powerful computer that opens a portal to explore the universe, leading him on a science-filled adventure about space, planets, and black holes. | ||
| 650 | _aScience fiction. | ||
| 650 |
_aSpace and time _vJuvenile fiction. |
||
| 650 |
_aAstronomy _vJuvenile fiction. |
||
| 700 |
_aHawking, Stephen, _eauthor. |
||
| 700 |
_aGalfard, Christophe, _econtributor. |
||
| 700 |
_aParsons, Garry, _eillustrator. |
||
| 942 |
_2lcc _cBK |
||
| 999 |
_c368678 _d368678 |
||